000 00459nam a2200181Ia 4500
008 090124s9999 xx 000 0 und d
082 _b115545
100 _aकऱ्हाडे सदा.
245 _a पानगळ
250 _a1
260 _c1974
300 _a130
600 _aकऱ्हाडे सदा.
630 _a पानगळ
700 _aकऱ्हाडे सदा.
730 _a पानगळ
942 _cBOOK
999 _c161636
_d161636